| 000 | 00859nam a2200253Ia 4500 | ||
|---|---|---|---|
| 003 | OSt | ||
| 005 | 20220927105330.0 | ||
| 006 | a|||||r|||| 00| 0 | ||
| 007 | ta | ||
| 008 | 220926b |||||||| |||| 00| 0 eng d | ||
| 020 | _a9789211283327 | ||
| 024 | _a188722 | ||
| 037 | _cReference Collections | ||
| 040 |
_aRTL _cRTL _beng |
||
| 041 |
_2eng _aeng |
||
| 082 | _a"Y:675:b6.49M, P9/UN" | ||
| 110 | _aUNITED NATIONS ECONOMIC AND SOCIAL COMMISSION FOR WESTERN ASIA. | ||
| 245 | 0 |
_aCompendium of social statistics and indicators _b International migration statistics in the ESCWA Region. |
|
| 260 |
_aNew _bYork United Nations _c2009 |
||
| 300 |
_a"viii, 97p" _ccm. |
||
| 700 | _aUNITED NATIONS ECONOMIC AND SOCIAL COMMISSION FOR WESTERN ASIA. | ||
| 942 |
_h"Y:675:b6.49M, P9/UN" _cCC |
||
| 999 |
_c691892 _d691892 |
||